Normal view
MARC view
- DCE.TEXTBOOK WIRELESS COMMUNICATION & NETWORKS
Entry Topical Term
001 - CONTROL NUMBER
- control field: 111588
003 - CONTROL NUMBER IDENTIFIER
- control field: NUST
005 - DATE AND TIME OF LATEST TRANSACTION
- control field: 20230330114159.0
008 - FIXED-LENGTH DATA ELEMENTS
- fixed length control field: 230330|| aca||aabn | a|a d
040 ## - CATALOGING SOURCE
- Original cataloging agency: NUST
- Transcribing agency: NUST
150 ## - HEADING--TOPICAL TERM
- Topical term or geographic name entry element: DCE.TEXTBOOK WIRELESS COMMUNICATION & NETWORKS
670 ## - SOURCE DATA FOUND
- Source citation: Work cat.: (NUST): Stalling, William, Wireless Communications & Networks, 2013.
